书目信息 |
| 题名: |
保龄球技法
|
|
| 作者: | 林升满 , 叶曾保 编著 | |
| 分册: | ||
| 出版信息: | 北京 人民体育出版社 1992.5 |
|
| 页数: | 192页 | |
| 开本: | 19cm | |
| 丛书名: | ||
| 单 册: | ||
| 中图分类: | G849.41 | |
| 科图分类: | ||
| 主题词: | 地掷球运动-运动技术-地掷球运动 , 球类运动 | |
| 电子资源: | ||
| ISBN: | 7-5009-0757-5 | |
| 000 | 00969nam0 2200289 45 | |
| 001 | 0192013709 | |
| 005 | 20040506100519.7 | |
| 010 | @a7-5009-0757-5@dCNY5.40 | |
| 020 | @aCN@b92013709 | |
| 092 | @a社科294-215 | |
| 100 | @a19921207d1992 em y0chiy0121 ea | |
| 101 | 0 | @achi |
| 102 | @aCN@b110000 | |
| 105 | @af z 000yy | |
| 106 | @ar | |
| 200 | 10 | @a保龄球技法@Abao ling qiu ji fa@f林升满,叶曾保编著@Flin sheng man ye zeng bao bian zhu |
| 210 | @a北京@c人民体育出版社@d1992.5 | |
| 215 | @a192页@c图@d19cm | |
| 330 | @a本书介绍了保龄球的历史和现状、器材和设备、球的结构和握法、基本功练习、各种投球技法、球道的观察和研究、投全中球的要领、怎样投补中球、比赛和记分、球风等。 | |
| 540 | 1 | @a保龄球@Abao ling qiu |
| 606 | @a地掷球运动-运动技术-地掷球运动 | |
| 606 | 0 | @a球类运动 |
| 690 | @aG849.41 | |
| 701 | 0 | @a林升满@Alin sheng man@4编著 |
| 701 | 0 | @a叶曾保@Aye zeng bao@4编著 |
| 801 | 0 | @aCN@bNLC@c19921207 |
| 905 | @f2@b258269-270@dG849.41@e81 | |
| 保龄球技法/林升满,叶曾保编著.-北京:人民体育出版社,1992.5 |
| 192页:图;19cm |
| ISBN 7-5009-0757-5:CNY5.40 |
| 本书介绍了保龄球的历史和现状、器材和设备、球的结构和握法、基本功练习、各种投球技法、球道的观察和研究、投全中球的要领、怎样投补中球、比赛和记分、球风等。 |
| ● |
| 相关链接 |
|
|
|
|
正题名:保龄球技法
索取号:G849.41/81
 
预约/预借
| 序号 | 登录号 | 条形码 | 馆藏地/架位号 | 状态 | 备注 |
| 1 | 0258268 | 000302309 | 第一样本阅览室/ [索取号:G849.41/81] | 在馆 | |
| 2 | 0258269 | 000302318 | 密集书库/ [索取号:G849.41/81] | 在馆 | |
| 3 | 0258270 | 000302327 | 密集书库/ [索取号:G849.41/81] | 在馆 |